Tabla de contenidos: número 4, 1988
Guardat en:
| Format: | Llibre |
|---|---|
| Idioma: | Spanish |
| Etiquetes: |
Afegir etiqueta
Sense etiquetes, Sigues el primer a etiquetar aquest registre!
|
MARC
| LEADER | 00000nam a22000007a 4500 | ||
|---|---|---|---|
| 003 | cru IIS | ||
| 005 | 20220217111947.0 | ||
| 008 | 200312s1988 cr |||p|r||||||0| ||spa|d | ||
| 040 | |c cru CIDCACS/IIS | ||
| 245 | |a Tabla de contenidos: |b número 4, 1988 | ||
| 505 | |a Contenido:1. Exportar: mito y realidad de la región / Cristóbal Pérez Jerez. -- 2. El Salvador: una evolución militar estadounidense / A. J. Bacevich. -- 3.Qué esperar de Japón? / Charlotte Elton. -- 4.Memorandum: International Commission on Central American Recovery and Development / Sonia Picado. -- 5.El Futuro de la política exterior estadounidense | ||
| 773 | 0 | |0 42985 |9 4464 |a Facultad Latinoamericana de Ciencias Sociales |d San José, Costa Rica: FLACSO |o MFN: 0159 |t Centroamerica USA/ | |
| 942 | |2 ddc |c PP | ||
| 999 | |c 44079 |d 44079 | ||
